000 00636nam a22001937a 4500
003 OSt
005 20140310182510.0
008 130220t xxu||||| |||| 00| 0 eng d
020 _a9710391100
050 _aBC 59
_b.Ar791 2006
100 _aArticulo, Archimedes Carag
_98989
245 _aLogic : the practice of critical thinking /
_cArchimedes Carag Articulo.
260 _aQuezon City :
_b Great Book Publishing,
_cc2006.
300 _a162 p. :
_c22 cm.
650 _aLogic
_xStudy and teaching
_xPhilippines.
_98990
650 _aCritical thinking
_xStudy and teaching
_xPhilippines.
_98991
942 _2lcc
_cSSLC
999 _c13899
_d13899